[Event "FIDE-Wch k.o."]
[Site "Las Vegas"]
[Date "1999.07.31"]
[Round "1.1"]
[White "Dolmatov, Sergey"]
[Black "Kotsur, Pavel"]
[Result "0-1"]
[WhiteElo "2600"]
[BlackElo "2545"]
[Annotator "Ribli,Z"]
[PlyCount "62"]
[EventDate "1999.07.31"]
[EventType "k.o."]
[EventRounds "7"]
[EventCountry "USA"]
[SourceTitle "CBM 072"]
[Source "ChessBase"]
[SourceDate "1999.10.01"]
[SourceVersion "1"]
[SourceVersionDate "1999.10.01"]
[SourceQuality "1"]

{[%mdl 2112]} 1. e4 {Meulders} c5 2. Nf3 e6 3. d4 cxd4 4. Nxd4 a6 5. Bd3 g6 {
Eine relativ seltene Fortsetzung. Schwarz hat keine Angst von der Schwächung
der schwarzen Felder. Er stellt seinen Läufer in die lange Diagonale. Meulders:
'In dieser Variante greift Schwarz oft den ungedeckten Springer an: mit ...Nc6,
...Bc5 oder mit ...Bg7 nach dem Textzug. Später möchte Schwarz den im
Sizilianischen Idealzug ...d5 spielen, obwohl das auch gleich geht. Ein
Beispiel:'} (5... d5 {Meulders} 6. exd5 Qxd5 7. O-O Nf6 8. Nc3 Qd8 9. Bg5 Be7
10. Nb3 Nc6 11. Qe2 O-O (11... h6 12. Bf4 Bd6 13. Bxd6 Qxd6 14. Rad1 Qc7 15.
Rfe1 O-O 16. h3 b5 17. a3 Bb7 18. Ne4 Nd5 19. Nec5 $14 {0-1 Comp Fritz
5-Djuric,S/Frankfurt 1998/CBM 65 ext (73)}) 12. Rad1 Qc7 13. Rfe1 Rd8 14. Qf3
h6 15. Bh4 b5 16. Ne4 Nd5 17. Bxe7 Ncxe7 18. Nec5 Bd7 19. Nxd7 Rxd7 $11 {
Rodriguez,Am: 'Kasimdzhanov-Vyzmanavin, Cappelle la Grande 1997'}) 6. c4 {
Das ist die prinzipielle Fortsetzung. Weiss errichtet ein starkes Zentrum.} (6.
Nc3 Bg7 7. Be3 Ne7 8. Qd2 $11) (6. O-O Bg7 7. Nf3 Ne7 8. e5 O-O 9. Bf4 d6 $13)
6... Bg7 7. Nb3 (7. Be3 d5 $5 (7... Nc6 8. Nxc6 bxc6 9. c5 Bxb2 10. Nd2 Bxa1
11. Qxa1 $36) (7... Ne7 {Meulders} 8. Nc3 d5 9. cxd5 (9. exd5 exd5 10. O-O O-O
11. Re1 (11. c5 $5) 11... dxc4 12. Bxc4 Nd7 13. Bg5 Nf6 14. Bb3 h6 15. Bh4 Nf5
16. Nxf5 Bxf5 17. Qf3 $16 {0-1 Kostenko,I-Eljanov,V/Yalta op 1996 (37)}) 9...
exd5 10. Qa4+ Bd7 11. Qb3 Nbc6 12. Nxc6 Bxc6 13. Bg5 h6 14. Bh4 g5 15. Bg3 dxe4
16. Bxe4 Bxe4 17. Nxe4 Qa5+ 18. Nc3 Nf5 19. O-O O-O 20. Rad1 $14 {0-1
Tazhiev-Eljanov,V/Yalta op 1996 (42)}) 8. exd5 exd5 9. O-O Nf6 $11) 7... Ne7 8.
Nc3 O-O 9. O-O (9. Be2 Nbc6 10. Bf4 d5 (10... b6 11. Qd2 Ne5 12. O-O f5 13.
Rad1 {1/2-1/2 Psakhis,L-Bologan,V/Chalkidiki 1992/CBM 32 (13)}) 11. exd5 exd5
12. Nxd5 Nxd5 13. cxd5 Nb4 14. Qd2 Nxd5 15. Bg5 Nf6 16. O-O Qxd2 17. Nxd2 h6 {
'=/+' Meulders. Meulders: '0-1 Wahls,M-Bologan,V/BL9596 1996 (33)'} 18. Bh4 Be6
19. Bf3 Rad8 20. Nb3 b6 21. Rfd1 Rxd1+ 22. Rxd1 a5 $36 {Zeit 0-1 Wahls,
M-Bologan,V/BL9596 1996 (33)}) 9... Nbc6 10. Bf4 {Meulders: 'Dieser Zug wird
zwar ziemlich oft gespielt aber er gefällt mir nicht so für Weiss, weil er
nichts leistet gegen den Aufmarsch ...d5. Von den Alternativen 10.Bg5 und 10.
Be2 gefällt der letztere Zug mir am besten.'} (10. Bg5 h6 11. Be3 (11. Bh4 g5
12. Bg3 Ne5 13. Re1 (13. f4 gxf4 14. Bxf4 N7g6 15. Be3 Qc7 (15... b6 16. Be2
Bb7 17. Qd2 Kh7 18. Nd4 Rc8 (18... Rb8 19. Rf2 Rh8 20. Raf1 Kg8 21. b3 $16 {
1-0 Hamdouchi,H-Oratovsky,M/Fuerth 1998/EXT 99 (63)}) 19. b3 d6 20. Rac1 Qe7
21. Rf2 Nd7 22. Rf3 $14 {1-0 Anka,E-Nijboer,F/Dieren 1998/EXT 99 (35)}) 16. Rc1
d6 17. Be2 b6 18. Qd2 Kh7 19. Nd4 Bb7 20. b3 Rab8 21. Qe1 Qe7 $13 {1-0 Smirin,
I-Oratovsky,M/ISR-chT 1996 (36)}) 13... N7g6 14. Bf1 b6 15. a4 Rb8 {Meulders:
'1/2-1/2 Kudrin,S-Oratovsky,M/Cappelle la Grande 1996/CBM 51 ext.'} (15... d6 {
(Meulders) 1/2-1/2 Kudrin,S-Oratovsky,M/Cappelle la Grande 1996/CBM 51 ext.})
16. Qd2 h5 17. f3 h4 18. Bf2 h3 {0-1 Jackson,R-Oratovsky,M/North Bay 1998/EXT
99 (32)}) 11... d5 12. cxd5 exd5 13. Bc5 Re8 14. Re1 Be6 15. Bxe7 Rxe7 16. Nc5
dxe4 17. Bxe4 Bd4 18. Nxe6 Rxe6 19. Qd2 Qg5 {1/2-1/2 Dolmatov,S-Bologan,V/
Calcutta 1999/CBM 69 ext (64) '=' Meulders. Meulders: '1/2-1/2 Dolmatov,
S-Bologan,V/Calcutta 1999/CBM 69 ext (64)'}) (10. c5 d5 11. Qe2 dxe4 12. Bxe4
e5 $1 {Ashley,M-Bologan,V/New York 72/(169) 1998 (18)}) (10. Be2 $5 f5 $5 (
10... b6 {Meulders} 11. Bg5 h6 12. Be3 f5 13. Qd2 Kh7 14. f3 fxe4 15. fxe4
Rxf1+ 16. Rxf1 Ne5 17. Na4 b5 $6 18. cxb5 axb5 19. Bxb5 Ba6 20. Bxa6 Rxa6 21.
Nbc5 $18 {1-0 Anand,V-Bologan,V/Calcutta 1992/CBM 27 ext (58)}) 11. c5 (11. a4
$5 f4 $6 (11... b6 $1) (11... b6 $1) 12. a5 Be5 13. Bd2 Qc7 14. Na4 Rb8 15. c5
$1 {1-0 Nijboer,F-Bologan,V/Wijk-B 1996 (36)} (15. c5 $1 f3 16. Bxf3 Bxh2+ 17.
Kh1 Be5 18. Bc3 $1 d5 19. exd5 exd5 20. Bxd5+ Kh8 21. Bxc6 Bxc3 22. Qd6 $1 {
1-0 Nijboer,F-Bologan,V/Wijk-B 1996 (36)})) (11. f3 f4 12. g3 g5 13. g4 b6 14.
Bd2 d6 15. Be1 Ng6 16. Bf2 Qc7 17. Rc1 Nce5 18. Nd4 Rb8 19. Na4 h5 20. h3 hxg4
21. hxg4 $13 {0-1 Stisis,Y-Oratovsky,M/Tel Aviv 1996/CBM 52 ext (28)}) (11. Be3
fxe4 12. Qd2 d5 13. Rad1 b5 14. cxd5 exd5 15. Qc1 d4 16. Nxe4 Bf5 17. Nec5 Qd6
18. Bf4 Qf6 19. Bg5 Qf7 $13 {0-1 Cao Sang-Tolnai,T/Budapest 1996/CBM 52 ext 
(37)}) (11. exf5 Nxf5 12. Ne4 Qc7 13. Rb1 b6 14. Bd2 Bb7 15. Bc3 Ne5 16. Nbd2
d5 17. cxd5 exd5 18. Ng5 Qe7 19. Ndf3 d4 $1 20. Bd2 Bd5 $15 {1-0 Solleveld,
M-Nijboer,F/Breda 1998/EXT 99 (75)}) 11... b6 $5 12. cxb6 (12. exf5 gxf5 13.
cxb6 Qxb6 14. Be3 Qd8 15. f4 d6 16. Qd2 Rb8 17. Bf3 Bb7 18. Rfd1 Nc8 19. Qe2
Qe8 20. Re1 Qg6 21. Rad1 $16 {1/2-1/2 Spangenberg,H-Oratovsky,M/Matinhos 1994/
EXT 97 (63)}) 12... Qxb6 13. Be3 Qd8 14. Qd2 fxe4 15. Nxe4 d5 16. Nec5 Nf5 17.
Bg5 Qd6 18. Rac1 h6 19. Bf4 {1-0 Psakhis,L-Oratovsky,M/Tel_Aviv 1993/Inf 57/
[Psakhis,L] (41) '~~' Meulders. Meulders: ' 1-0 Psakhis,L-Oratovsky,M/Tel_Aviv
1993 (40)'}) 10... d5 {Das ist die Hauptidee in der 5...g6 Variante. Mit der
Unterstützung des g7-Läufers kann Schwarz gut den Zug ...d7-d5 durchsetzen.}
11. cxd5 (11. exd5 exd5 12. c5 (12. Re1 {Meulders} d4 13. Ne4 Ne5 14. Bg5 h6
15. Bf6 Bf5 16. Bxg7 Kxg7 17. Ng3 {1/2-1/2 Frias,V-Unzicker,W/Buenos Aires
1978/MCD.}) 12... Ne5 13. Re1 N7c6 14. Bf1 Be6 15. Nd4 Nxd4 16. Bxe5 Bxe5 17.
Rxe5 Nc6 18. Re1 $13 {1-0 Stisis,Y-Oratovsky,M/Tel Aviv Cup rapid 1996 (23)} (
18. Re1 Qa5 19. Nxd5 Rad8 20. Nf6+ Kg7 21. Qf3 Nd4 22. Qf4 Qxc5 23. Rac1 Qf5
$15)) 11... exd5 12. Qe2 {Meulders: 'Nimmt dem Nc3 ein gutes Feld.'} (12. Qd2
dxe4 13. Bxe4 Qxd2 14. Bxd2 Bf5 15. Bf3 a5 $1 $36 {0-1 Hendriks,W-Nijboer,F/
NLD-ch 1996 (19) '!' Meulders.} (15... a5 $1 {Meulders} 16. Rfe1 $2 (16. a3)
16... a4 17. Nc5 a3 18. bxa3 Rad8 $1 19. Rxe7 Nxe7 {0-1 Hendriks,W-Nijboer,F/
NLD-ch 1996/CBM 54/[King] (19)})) (12. exd5 Nxd5 13. Nxd5 Qxd5 $15 {[%csl Gg7]
[%cal Gg7a1]} (13... Qxd5 {Meulders} 14. Qb1 {Ein krummer Zug, aber was ist
besser?} Be6 15. Rd1 Rad8 $15)) (12. Qf3 {Meulders} Be6 13. Rad1 d4 14. Ne2 Qb6
$15) 12... d4 $13 {Nach diesem Zug ist die ewige Frage, ob der Bauer stark
oder schwach wird. Meines Erachtens kann Schwarz aber mit dem
Eröffnungsergebnis zufrieden sein.} (12... Re8 13. Rad1 d4 $13) (12... dxe4 13.
Bxe4 $14) 13. Nb1 Nb4 {Meulders: 'Sichert sich das Laüferpaar.' Schwarz
sichert sich das Läuferpaar und macht dem anderen Springer Platz auf c6.} 14.
N1d2 Nxd3 15. Qxd3 Nc6 16. Nf3 Re8 {Der d4-Bauer ist gedeckt und Schwarz hat
bequemes Figurenspiel.} 17. Rfd1 (17. h3 Nb4 18. Qd2 Qb6 (18... Rxe4 19. Ng5
Rxf4 20. Qxf4 Bf5 $44) 19. Nbxd4 Rxe4 $11) 17... Bg4 $15 {[%cal Gg4d1] '=/+!'
Meulders. Meulders: 'Es ist klar dass Schwarz das Geschehen kontrolliert.
Weiss kann nicht aktiv werden und muss sich jetzt schon bemühen um die
Stellung des Blockeurs auf d3 - das ist doch keine Arbeit für eine Dame! - zu
sichern.' Die Fesselung ist für Weiss unangenehm. Schwarz hat die Initiative.}
(17... Nb4 18. Qd2 Qb6) 18. a3 {Gegen eventuelles ...Nb4 gerichtet.} Qe7 19.
Nbd2 (19. Re1 Rad8 $15) 19... Bxf3 $1 {Meulders: 'Schach ist ein Spiel vom
Umtausch verschiedener Vorteile: Schwarz gibt freiwillig das Läuferpaar auf,
weil die Dame jetzt den Pd4 laufen lassen muss (Nxf3 geht nicht weil Pe4 hängt)
.'} (19... Rad8 $15) 20. Qxf3 {Das natürliche Schlagen 20.Nxf3 geht nicht,
denn es hängt e4.} d3 {[%cal Gg7a1] '!' Meulders. Der d4-Bauer ist nicht
blockiert und Schwarz nutzt sofort die Möglichkeit, voranzuschreiten.} 21. Qxd3
(21. Rab1 {Meulders} Rad8 $15 {/-/+}) 21... Bxb2 22. Ra2 {Der Turm steht
unnatürlich auf a2, aber er muss den a3-Bauern verteidigen.} (22. Rab1 Bxa3 23.
Nc4 Bc5 24. Bd6 Bxd6 25. Nxd6 Red8 $17) 22... Rad8 {[%csl Yd4][%cal Gd8d1]} 23.
Qg3 $2 {Meulders: '[#]'} (23. Qe3 Bf6 $15) (23. Qb3 $15 {Meulders}) {[#]} 23...
Qxe4 $3 $17 {'-+!' Meulders. Meulders: 'Motive: Schwäche der untersten Reihe
und nicht gedeckter Rd1.' Ein sehr schöner Zug! Weiß hat Probleme mit seiner
Grundreihe.} 24. Rf1 (24. Rxb2 Qe1+ 25. Rxe1 Rxe1+ 26. Nf1 Rdd1 27. Qd3 Rxd3
$19) (24. Nxe4 Rxd1#) 24... Qc2 {Schwarz hat einen gesunden Mehrbauern und
aktives Figurenspiel.} 25. Qg5 (25. Bg5 Rxd2 $19) (25. Nf3 Rd1 $19 (25... Qc4 {
[%cal Rc4a2,Rc4f1]} 26. Rxb2 Qxf1+ 27. Kxf1 Rd1+ $19)) 25... Re2 26. h4 (26.
Nf3 Rd1 $19) 26... Rdxd2 {'!' Meulders. Meulders: 'Kräftig hackt sich Schwarz
einen Weg zum Sieg.'} 27. Bxd2 Rxd2 {Mit zwei Leichtfiguren und einem Bauern
hat Schwarz viel mehr als genug für den Turm.} 28. Re1 Rd1 29. Qe3 (29. Rxd1
Qxd1+ 30. Kh2 Qb3 $19) 29... Qb1 $19 {'!' Meulders.} 30. Rxd1 Qxd1+ 31. Kh2 Qb1
{[%csl Ra2] '!' Meulders. Weiss gab in verlorener Stellung auf.} (31... Qb1 32.
Rxb2 (32. Qb3 Be5+ $19 {[%cal Re5h2,Rb1b3]}) 32... Qxb2 $19) 0-1

[Event "Montecatini Terme"]
[Site "Montecatini Terme"]
[Date "2000.08.02"]
[Round "6"]
[White "Ivanchuk, Vassily"]
[Black "Rublevsky, Sergei"]
[Result "1/2-1/2"]
[WhiteElo "2719"]
[BlackElo "2670"]
[Annotator "Ribli/Rublevsky"]
[PlyCount "49"]
[EventDate "2000.07.28"]
[EventType "tourn"]
[EventRounds "7"]
[EventCountry "ITA"]
[EventCategory "17"]
[SourceTitle "CBM 079"]
[Source "ChessBase"]
[SourceDate "2000.11.21"]
[SourceVersion "1"]
[SourceVersionDate "2000.11.21"]
[SourceQuality "1"]

1. e4 c5 2. Nf3 e6 3. d4 cxd4 4. Nxd4 a6 5. Bd3 Nf6 6. O-O d6 7. c4 Bd7 8. Nc3
Nc6 9. Nxc6 Bxc6 10. a4 {Eine Nebenvariante.} ({Gewöhnlich spielt Weiß} 10. Qe2
{, worauf Schwarz mit} Be7 {fortsetzt.}) 10... b6 $5 $146 (10... Be7 11. Re1
O-O 12. Bf4 Nd7 13. Bf1 Nc5 14. a5 $14 {Gavrikov,V-Rublevsky,S/ Oviedo rapid45
1992 mit Positionsvorteil für den Anziehenden.}) 11. Be3 Be7 12. f3 O-O 13. Qd2
Qb8 (13... d5 $2 {Rublevsky} 14. exd5 exd5 15. Qf2 $16) 14. Rfd1 Rc8 15. Bf1
Nd7 16. Bg5 Bxg5 17. Qxg5 Rd8 18. Qe3 Qc7 19. Be2 Rac8 20. Rd2 Nc5 21. Bd1 e5
$5 22. b4 Ne6 {[%csl Yd4]} 23. b5 (23. a5 {Rublevsky} bxa5 (23... Nd4 $6 24.
Ne2 $1 $14) 24. Rxa5 Rb8 $1 25. Na2 Bb7 26. Be2 Nd4 $36) 23... axb5 24. axb5 (
24. cxb5 $2 {Rublevsky} Bb7 25. Nd5 Bxd5 26. Rxd5 Nf4 27. Rd2 d5 $15) 24... Ra8
$5 25. Rda2 (25. Rxa8 Bxa8 $11) (25. Rda2 Rxa2 26. Rxa2 Bb7 $11) (25. bxc6 $2 {
Rublevsky} Rxa1 26. Nd5 Qa7 $1 27. c7 Nxc7 28. Ne7+ Kf8 29. Nc6 Rxd1+ 30. Rxd1
Qa4 31. Nxd8 Qxd1+ 32. Kf2 Qc2+ $17) 1/2-1/2

[Event "Elgoibar 07th"]
[Site "Elgoibar"]
[Date "1997.12.31"]
[Round "5"]
[White "Korneev, Oleg"]
[Black "Sion Castro, Marcelino"]
[Result "1/2-1/2"]
[WhiteElo "2565"]
[BlackElo "2435"]
[Annotator "Rodriguez,Am"]
[PlyCount "49"]
[EventDate "1997.11.26"]
[EventType "tourn"]
[EventRounds "9"]
[EventCountry "ESP"]
[EventCategory "10"]
[SourceTitle "CBM 063"]
[Source "ChessBase"]
[SourceDate "1998.03.26"]
[SourceVersion "1"]
[SourceVersionDate "1998.03.26"]
[SourceQuality "1"]

1. e4 c5 2. Nf3 e6 3. d4 cxd4 4. Nxd4 a6 5. Bd3 d5 {Maybe it is time to take
this move seriously. So far White has not shown a way to a clear advantage,
and in this game Korneev, a strong player as White is easily neutralized by a
lower rated opponent.} 6. exd5 Qxd5 7. O-O Nf6 8. Nc3 (8. Bf4 Nbd7 (8... Be7 $5
{/\} 9. Nc3 Qd8) 9. Nb3 Bd6 10. Nc3 Qc6 11. Bxd6 Qxd6 12. Re1 Qc7 13. Qf3 O-O
14. a4 Rb8 15. a5 $14 {Spangenberg,H-Panno,O/3rd AMEBS, La Plata ARG 1997})
8... Qd8 9. Re1 (9. Bg5 Be7 10. Nb3 Nc6 11. Qe2 O-O 12. Rad1 Qc7 13. Rfe1 Rd8
14. Qf3 h6 15. Bh4 b5 16. Ne4 Nd5 17. Bxe7 Ncxe7 18. Nec5 Bd7 19. Nxd7 Rxd7 $11
{Kasimdzhanov-Vyzmanavin, Cappelle la Grande 1997}) 9... Be7 10. Bf4 O-O {
Black is a bit behind in development but his position has no weaknesses.} 11.
h3 Bd7 12. a3 $146 {I wonder if there was nothing else to do other than 11.h3
and 12.h3} (12. Qf3 Nc6 13. Nb3 Nb4 $1 14. Qxb7 Bc6 15. Qc7 Nxd3 16. cxd3 Rc8
17. Qxd8 Rfxd8 $44 18. Red1 Nd5 19. Nxd5 Bxd5 20. Be5 f6 21. Bc3 {Zagrebelny,
S-Vyzmanavin,A/RUS-Cup9 1997}) 12... Nc6 13. Nf3 b5 14. Qe2 Qb6 15. Ne4 Nd5 16.
Bh2 Nd4 17. Nxd4 Qxd4 18. c3 Qb6 {White´s advantage, if any, is minimal. The
game has an unexpected outcome.} 19. Rad1 Rad8 20. Be5 f6 21. Bd4 Qc7 22. Bb1
e5 23. Ng5 fxg5 24. Bxe5 Qb7 25. Be4 1/2-1/2

[Event "CUB-ch"]
[Site "Matanzas"]
[Date "1997.??.??"]
[Round "6"]
[White "Rodriguez Cespedes, Amador"]
[Black "Larduet Despaigne, Carlos"]
[Result "1/2-1/2"]
[WhiteElo "2555"]
[BlackElo "2310"]
[Annotator "Rodriguez,Am"]
[PlyCount "62"]
[EventDate "1997.03.15"]
[EventType "tourn"]
[EventRounds "13"]
[EventCountry "CUB"]
[EventCategory "7"]
[SourceTitle "CBM 057 Extra"]
[Source "ChessBase"]
[SourceDate "1997.05.01"]
[SourceVersion "1"]
[SourceVersionDate "1997.05.01"]
[SourceQuality "1"]

1. e4 c5 2. Nf3 e6 3. d4 cxd4 4. Nxd4 a6 5. Bd3 Bc5 6. Nb3 Be7 7. c4 d6 8. Nc3
Nf6 9. O-O O-O 10. f4 Nc6 11. Qe2 Nd7 12. Be3 b6 13. Rf3 Re8 14. Rh3 g6 15. Rf1
Bb7 16. Nd2 Rb8 17. Nf3 Bf6 18. Qf2 Ba8 19. Bb1 Bg7 20. Ng5 Nf8 21. e5 Qc7 22.
Nce4 dxe5 23. Nxh7 Nxh7 24. Qh4 {Tal parece que las negras estan al borde del
abismo. Encuentre un recurso salvador.} Nd4 $3 $132 {Excelente, lleve ese
caballo al centro y olvidese del otro.} (24... Nf8 $2 {Y ahora las negras
reciben mate de forma forzada:} 25. Nf6+ Bxf6 26. Qxf6 Nh7 27. Rxh7 $1 Kxh7 28.
Rf3 $18) 25. Qxh7+ Kf8 26. Bxd4 (26. fxe5 Qxe5) 26... exd4 27. Ng5 d3 28. Bxd3
Rbd8 29. Qh4 Qc5+ 30. Kh1 Qd4 31. b3 Qb2 {Black is better at this final
position. Las negras estan mejor en esta posicion final} 1/2-1/2

[Event "Capablanca Memorial Elite 35th"]
[Site "Varadero"]
[Date "2000.05.12"]
[Round "5"]
[White "Dominguez Perez, Leinier"]
[Black "Bruzon Batista, Lazaro"]
[Result "1-0"]
[WhiteElo "2508"]
[BlackElo "2568"]
[Annotator "Rodriguez,Am"]
[PlyCount "125"]
[EventDate "2000.05.07"]
[EventType "tourn"]
[EventRounds "13"]
[EventCountry "CUB"]
[EventCategory "13"]
[SourceTitle "CBM 077"]
[Source "ChessBase"]
[SourceDate "2000.07.27"]
[SourceVersion "1"]
[SourceVersionDate "2000.07.27"]
[SourceQuality "1"]

1. e4 c5 2. Nf3 e6 3. d4 cxd4 4. Nxd4 Qb6 5. Nb3 (5. Nc3 {Is the natural move,
of course, but you have to be well prepared to face the 5...Bc5 line}) 5... Qc7
6. c4 {A solid, positional approach.} (6. Nc3 {is also normal. White keeps the
option the castle queenside.}) 6... Nf6 7. Nc3 a6 8. Bd3 d6 9. O-O g6 {
Playable but I would prefer to play normally with Be7} 10. Be3 Nbd7 11. Be2 $5
b6 12. Qd2 Bb7 13. f3 Rd8 {The move order played by Black is very unnatural.
First 9...g6 and not Bg7 in the next 4 moves, now the rook has to come to d8
to hold the d-pawn} 14. Rfd1 h5 $6 {I do not see why. Maybe he was planning
Be7 and was afraid of Bh6} 15. Bf1 Be7 16. Qf2 O-O {At this point normally
Black has a B on g7, the P on h7 and the R on e8. Now the kingside looks
vulnerable} 17. a4 $1 {And the queenside too!} Ba8 18. a5 bxa5 19. Nxa5 Rb8 20.
Rdb1 Rfe8 21. Bd4 Bf8 22. Kh1 (22. b4 d5 $1 23. b5 dxe4 24. b6 Qc8 $13) 22...
Rb4 23. Qd2 {/\ Nd5} Rbb8 24. Ra4 (24. b4 $5 d5 25. cxd5 Bxb4 26. dxe6 $16 {
/\ Nc4}) 24... Be7 25. b4 Rec8 26. Qf2 Nb6 27. Ra2 Nfd7 28. Rd2 Bf8 29. Rbd1
Bh6 30. Be3 Bg7 31. Na2 {Keeping the control} (31. Rxd6 Bxc3 32. c5 {was an
interesting and complicated possibility}) 31... Be5 32. Bg5 (32. f4 $5 Bg7 33.
Rxd6 Bxe4 34. c5 $16) 32... Re8 33. f4 Bg7 34. Qe3 {Playing f4 and not taking
on d6 gives a different course to the game. Now Black gets some play he never
had before because of the weak e4 pawn} Bf8 (34... Nf6 $5) 35. Bh4 Kh7 36. Bg3
Nf6 37. Bd3 Nc8 (37... Ng4 $5) 38. Bc2 Bh6 39. Bh4 Ng4 40. Qg3 $6 (40. Qf3)
40... e5 $1 41. Bg5 exf4 42. Bxf4 Bxf4 43. Qxf4 Re7 $2 (43... Bxe4 $1 {/\} 44.
Bxe4 Rxe4 45. Qxe4 d5 46. Qxg4 (46. g3 dxe4 47. Rd7 Qe5) 46... hxg4 47. Rxd5
Ne7 $15) 44. Rd4 Ne5 45. Qd2 Nb6 46. Bb3 Ng4 $6 47. h3 Nf6 48. Nc3 Rbe8 49. Rf1
$16 Nxe4 $2 (49... Nbd7 50. Ba4 $16) 50. Nxe4 Bxe4 (50... Rxe4 51. Rxe4 Bxe4 (
51... Rxe4 52. c5 $18) 52. c5 $18) 51. c5 $1 $18 Bxg2+ (51... dxc5 52. Rxe4
Rxe4 53. Rxf7+ Qxf7 54. Bxf7 $18) 52. Qxg2 dxc5 53. bxc5 Nc8 54. Nc6 Re1 55.
Rd1 Rxd1 56. Bxd1 Re3 57. Bf3 Rc3 58. Bd5 f5 59. Rg1 Qg7 60. Be6 Rxc5 61. Bxc8
Qf6 62. Ne7 f4 63. Bb7 1-0